| Tag |
First Indicator |
Second Indicator |
Subfields |
| LEADER |
00000cem a2200000 a 4500 |
| 001 |
in00000868043 |
| 005 |
20151019092141.0 |
| 007 |
aj canzn |
| 008 |
870601s1983 dcug bd a f 1 eng d |
| 010 |
|
|
|a gp 87013659
|
| 034 |
1 |
|
|a a
|b 2187400
|d W1230000
|e W0990000
|f N0300000
|g N0150000
|
| 035 |
|
|
|a (OCoLC)15798325
|
| 035 |
|
|
|9 AEG1773AM
|
| 040 |
|
|
|a GPO
|c GPO
|d UtOrBLW
|
| 052 |
|
|
|a 9235
|
| 074 |
|
|
|a 379-S-1
|
| 086 |
0 |
|
|a D 5.347/2:7634
|
| 110 |
1 |
|
|a United States.
|b Defense Mapping Agency.
|b Hydrographic/Topographic Center.
|
| 245 |
1 |
0 |
|a Omega plotting chart, 7634 /
|c prepared and published by Defense Mapping Agency Hydrographic/Topographic Center.
|
| 250 |
|
|
|a 3rd ed., Aug. 20, 1983 (correct through NM 34/83).
|
| 255 |
|
|
|a Scale 1:2,187,400 at lat. 2230ʹ. 1 in. = 30 nautical miles ;
|b Mercator proj.
|c (W 123--W 99/N 30--N 15).
|
| 264 |
|
1 |
|a Washington, D.C. :
|b The Center,
|c [1983]
|
| 300 |
|
|
|a 1 map :
|b color ;
|c 76 x 113 cm.
|
| 336 |
|
|
|a cartographic image
|b cri
|2 rdacontent
|
| 337 |
|
|
|a unmediated
|b n
|2 rdamedia
|
| 338 |
|
|
|a sheet
|b nb
|2 rdacarrier
|
| 500 |
|
|
|a Relief shown by spot heights.
|
| 500 |
|
|
|a "Frequency 10.2 kHz."
|
| 500 |
|
|
|a Includes index of adjoining charts.
|
| 500 |
|
|
|a "LORAN-C counterpart of this chart is 7834."
|
| 500 |
|
|
|a Cartographic material.
|
| 650 |
|
0 |
|a Plotting charts
|z North Pacific Ocean.
|
| 650 |
|
0 |
|a Plotting charts
|z Mexico
|z Pacific Coast.
|
| 999 |
|
|
|a MARS
|
| 999 |
f |
f |
|s 3e7cedb7-e20b-3a64-8443-15bbbc8db67b
|i e8f870db-4b0c-3224-b53e-4b246b6b844e
|t 0
|
| 952 |
f |
f |
|p normal
|a Texas A&M University
|b College Station
|c Sterling C. Evans Library
|d Evans: Maps (2nd floor)
|t 0
|h No information provided
|i unmediated -- sheet
|
| 998 |
f |
f |
|t 0
|l Evans: Maps (2nd floor)
|